Estudio del salario diferenciado.

Αποθηκεύτηκε σε:
Λεπτομέρειες βιβλιογραφικής εγγραφής
Συγγραφή απο Οργανισμό/Αρχή: Confederación de Maestros de Educación Rural de Bolivia (CONMERB)
Μορφή: Βιβλίο
Γλώσσα:Ισπανικά
Θέματα:
Ετικέτες: Προσθήκη ετικέτας
Δεν υπάρχουν, Καταχωρήστε ετικέτα πρώτοι!

MARC

LEADER 00000cam^a2200000uu^4500
001 000462904
005 20250521000000.0
008 050901s1995^^^^^^^^^^^^rd^r^^000^0^spa^d
009 20260310124259.155
035 |a FCE 000005453 
035 |a FCE 021660 
037 |a Acervo ITESO - Biblioteca 
041 |a spa 
082 0 4 |a 371.1084  |b CONe 
110 |a Confederación de Maestros de Educación Rural de Bolivia (CONMERB) 
245 1 0 |a Estudio del salario diferenciado. 
264 |a Bolivia :  |b CEBIAE,  |c 1995. 
300 |a 95 p. 
336 |a texto  |b txt  |2 rdacontenido 
337 |a sin mediación  |b n  |2 rdamedio 
338 |a volumen  |b nc  |2 rdasoporte 
649 |a XX 
650 |a Docentes 
650 |a Educación rural 
650 |a Zona rural 
650 |a Salario 
650 |a Condiciones de trabajo 
650 |a Remuneración de los docentes 
650 |a Estudios de casos 
650 |a Propuesta de reforma 
650 |a Bolivia 
910 |a Fondo Centro de Estudios Educativos 
920 |a Impresos - Libros 
930 |a Fondos Especiales 
905 |a 133 
901 |a ALE021660  |b IT2  |c CEE  |u 20250521 
902 |a https://opac.biblio.iteso.mx/vufind/Record/000462904